| 000 | 00747nam a2200241Ia 4500 | ||
|---|---|---|---|
| 001 | 9773 | ||
| 003 | GE_BSU | ||
| 008 | 181216s||||||||xx |||||||||||||| ||und|| | ||
| 040 | _cGE_BSU | ||
| 080 | _a821.353.1–1 | ||
| 100 | _aახვლედიანი,ვახტანგ | ||
| 245 | _aფერისცვალება | ||
| 245 | _bლექსები | ||
| 245 | _cრედ.გ.ფაღავა.მხატვ.გ.გუჯაბიძე | ||
| 260 | _aბათუმი | ||
| 260 | _bაჭარა | ||
| 260 | _c1955 | ||
| 300 | _a72გვ; 20სმ.ფოტო გარეკანზე | ||
| 541 | _h2ლ. | ||
| 653 | _aლექსები | ||
| 653 | _aფერისცვალება | ||
| 942 | _cBK | ||
| 999 |
_c43053 _d43053 |
||